[Event "Weekend A Autunno"]
[Site "Torino ITA"]
[Date "2006.11.??"]
[Round "4"]
[White "Finocchiaro, Gianluca"]
[Black "Abbura', Davide"]
[Result "1-0"]
[WhiteElo "1953"]
[BlackElo "1676"]
[PlyCount "39"]
[EventDate "2006.10.28"]

1. e4 e6 2. d4 d5 3. exd5 exd5 4. c4 c6 5. Nc3 Nf6 6. Bd3 Be7 7. Nge2 Be6 8.
cxd5 Bxd5 9. O-O Nbd7 10. Nf4 O-O 11. Nfxd5 Nxd5 12. Nxd5 cxd5 13. Bf4 Nf6 14.
Qb3 b6 15. Rac1 Bd6 16. Be5 Ng4 17. Qd1 Bxe5 18. Qxg4 Bf6 19. Rc6 Rc8 20. Qf5
1-0

[Event "Weekend A Autunno"]
[Site "Torino ITA"]
[Date "2006.11.??"]
[Round "4"]
[White "Fortino, Fabrizio"]
[Black "Degrassi, Sergio"]
[Result "1-0"]
[WhiteElo "2057"]
[BlackElo "1879"]
[PlyCount "35"]
[EventDate "2006.10.28"]

1. e4 c6 2. d4 d5 3. exd5 cxd5 4. c4 dxc4 5. Bxc4 e6 6. Nf3 Nf6 7. Nc3 Be7 8.
O-O O-O 9. Re1 Re8 10. d5 Bb4 11. dxe6 Bxe6 12. Bxe6 fxe6 13. Qb3 Bxc3 14. Rxe6
Rxe6 15. Qxe6+ Kf8 16. bxc3 Qd1+ 17. Ne1 Qa4 18. Nc2 1-0

[Event "Weekend A Autunno"]
[Site "Torino ITA"]
[Date "2006.11.??"]
[Round "4"]
[White "Martin, Tiziano"]
[Black "Vozza, Nicola"]
[Result "1-0"]
[WhiteElo "2015"]
[BlackElo "1978"]
[PlyCount "47"]
[EventDate "2006.10.28"]

1. d4 e6 2. Nf3 f5 3. Bg5 Nf6 4. Nbd2 Be7 5. Bxf6 Bxf6 6. e4 fxe4 7. Nxe4 b6 8.
Bd3 Bb7 9. Qe2 O-O 10. O-O-O Nc6 11. c3 Qe7 12. h4 Nd8 13. Nfg5 g6 14. Kb1 d5
15. Nxf6+ Qxf6 16. Nf3 c5 17. h5 Nc6 18. hxg6 hxg6 19. Rh6 Ne7 20. Ne5 Kg7 21.
Ng4 Qg5 22. Qxe6 Bc8 23. Rdh1 Qxh6 24. Qe5+ 1-0

[Event "Weekend A Autunno"]
[Site "Torino ITA"]
[Date "2006.11.??"]
[Round "4"]
[White "Masi, Adamo"]
[Black "Araniti, Michelangelo"]
[Result "1-0"]
[WhiteElo "1874"]
[BlackElo "1766"]
[PlyCount "77"]
[EventDate "2006.10.28"]

1. Nf3 Nf6 2. d4 d5 3. Bg5 e6 4. e3 Be7 5. Bd3 c5 6. c3 Nc6 7. O-O a6 8. a4 c4
9. Bc2 Bd7 10. Nbd2 b5 11. Ne5 O-O 12. f4 Nxe5 13. fxe5 Ne8 14. Bxe7 Qxe7 15.
axb5 Bxb5 16. Nf3 f5 17. exf6 gxf6 18. e4 Kh8 19. exd5 exd5 20. Re1 Qg7 21. Qe2
Rg8 22. g3 Qg4 23. Nd2 Qxe2 24. Rxe2 Ng7 25. Re7 Rae8 26. Rae1 Rxe7 27. Rxe7
Re8 28. Rxe8+ Nxe8 29. Kf2 Kg7 30. Ke3 Nd6 31. Kf4 Bd7 32. Nf1 Be6 33. Ne3 a5
34. h4 h6 35. g4 Kg8 36. g5 fxg5+ 37. Ke5 gxh4 38. Kxd6 h3 39. Nf1 1-0

[Event "Weekend A Autunno"]
[Site "Torino ITA"]
[Date "2006.11.??"]
[Round "4"]
[White "Sattanino, Andrea"]
[Black "Malano, Francesco"]
[Result "1-0"]
[WhiteElo "1701"]
[BlackElo "2000"]
[PlyCount "99"]
[EventDate "2006.10.28"]

1. d4 d5 2. c4 e6 3. Nc3 c6 4. cxd5 exd5 5. Nf3 Nf6 6. Bg5 Be7 7. e3 Bf5 8. Be2
Nbd7 9. O-O h6 10. Bxf6 Bxf6 11. a3 O-O 12. Rc1 Re8 13. Na4 a6 14. b4 Qe7 15.
Ne1 Nf8 16. Bd3 Be4 17. Nc5 g6 18. Nf3 g5 19. Bxe4 dxe4 20. Nd2 Bg7 21. Ndxe4
b6 22. Nb7 Qxe4 23. Nd6 Qd5 24. Nxe8 Rxe8 25. Qa4 Qb5 26. Qxb5 cxb5 27. Rc6 Re6
28. Rfc1 Bf6 29. d5 Rxc6 30. dxc6 Ne6 31. c7 Nxc7 32. Rxc7 Bb2 33. Rc6 Bxa3 34.
Rxb6 Bxb4 35. Rxa6 Bc3 36. Rxh6 f6 37. Rh3 Kf7 38. e4 b4 39. Rd3 Ke6 40. Kf1
Ke5 41. f3 g4 42. Ke2 gxf3+ 43. Kxf3 Bd4 44. g4 Bc3 45. h4 Be1 46. h5 Ke6 47.
h6 Kf7 48. Rd7+ Kg8 49. Kf4 Bd2+ 50. Rxd2 1-0

[Event "Weekend A Autunno"]
[Site "Torino ITA"]
[Date "2006.11.??"]
[Round "4"]
[White "Torrione, William"]
[Black "Pulito, Alberto"]
[Result "0-1"]
[WhiteElo "1890"]
[BlackElo "2230"]
[PlyCount "110"]
[EventDate "2006.10.28"]

1. d4 d5 2. c4 e6 3. Nc3 Nf6 4. Bg5 c6 5. e3 Nbd7 6. Nf3 Qa5 7. a3 Ne4 8. Qc2
Nxg5 9. Nxg5 dxc4 10. Nge4 b5 11. Rc1 Bb7 12. Be2 Be7 13. O-O O-O 14. Na2 c5
15. dxc5 Bxe4 16. Qxe4 Nxc5 17. Qc2 Rac8 18. Rcd1 Qb6 19. Nc1 Rfd8 20. Rxd8+
Rxd8 21. Rd1 Bf6 22. Rxd8+ Qxd8 23. b3 c3 24. Nd3 Nb7 25. a4 bxa4 26. bxa4 Qb6
27. Bd1 Na5 28. Nc1 g6 29. g3 Qb2 30. Nd3 Qb6 31. Nc1 Kg7 32. Nb3 Nc6 33. Nc1
Nb4 34. Qb3 Qc5 35. Bc2 Nxc2 36. Qxc2 Qb4 37. Nd3 Qe4 38. Ne1 Qd5 39. Nd3 Qe4
40. Ne1 Qd5 41. Nd3 h5 42. h4 e5 43. Kf1 e4 44. Ne1 Qc4+ 45. Kg2 Be5 46. Kg1 f5
47. Kg2 Kf6 48. Kg1 Ke6 49. Qd1 Qd5 50. Qxd5+ Kxd5 51. Kf1 Kc4 52. Ke2 Kb4 53.
Kd1 Kxa4 54. Kc2 Kb4 55. Kb1 Kc4 0-1

[Event "Weekend A Autunno"]
[Site "Torino ITA"]
[Date "2006.11.??"]
[Round "4"]
[White "Turchetta, Gianluca"]
[Black "Sorcinelli, Francesco"]
[Result "1/2-1/2"]
[WhiteElo "1584"]
[BlackElo "2108"]
[PlyCount "95"]
[EventDate "2006.10.28"]

1. e4 c5 2. Nf3 d6 3. d4 cxd4 4. Nxd4 Nf6 5. Nc3 g6 6. Be2 Bg7 7. Be3 Nc6 8.
Nb3 O-O 9. Qd2 Be6 10. Bh6 Rc8 11. Bxg7 Kxg7 12. Nd4 Qb6 13. Nxe6+ fxe6 14. O-O
Qxb2 15. Rab1 Qa3 16. Rxb7 Rf7 17. Rb3 Qc5 18. Rd1 Na5 19. Rb5 Qxc3 20. Qxc3
Rxc3 21. Rxa5 Nxe4 22. f3 Rxc2 23. Bd3 Rc5 24. Rxa7 Nc3 25. Re1 e5 26. a4 e6
27. Ra8 Rf4 28. a5 Ra4 29. a6 Rc7 30. Rb8 Kf6 31. Rb7 Rxb7 32. axb7 Rb4 33. Rc1
Rxb7 34. Rxc3 Rb4 35. h4 Rxh4 36. g3 Rd4 37. Kf2 h5 38. Ke3 g5 39. Rc4 Rxc4 40.
Bxc4 h4 41. g4 d5 42. Bd3 Ke7 43. Bf1 Kd6 44. Kd3 Kc5 45. Bg2 Kb4 46. Bf1 Kc5
47. Bg2 Kb4 48. Bf1 1/2-1/2

[Event "Weekend A Autunno"]
[Site "Torino ITA"]
[Date "2006.11.??"]
[Round "4"]
[White "Xausa, Flavio"]
[Black "Bozzali, Ermanno"]
[Result "0-1"]
[WhiteElo "2088"]
[BlackElo "2099"]
[PlyCount "198"]
[EventDate "2006.10.28"]

1. d4 Nf6 2. c4 e6 3. Nc3 Bb4 4. Qc2 Nc6 5. Nf3 d6 6. a3 Bxc3+ 7. Qxc3 Qe7 8.
Bf4 Ne4 9. Qc2 f5 10. e3 e5 11. dxe5 dxe5 12. Bg3 Bd7 13. Be2 O-O-O 14. O-O-O
h5 15. h4 Rdf8 16. Rhf1 g5 17. Rh1 g4 18. Ng5 Nxg5 19. hxg5 Qxg5 20. Bh4 Qh6
21. b4 f4 22. b5 Nb8 23. Qe4 Re8 24. Rd5 Qh7 25. Qxh7 Rxh7 26. Bf6 Rf7 27. Bxe5
c6 28. Rc5 b6 29. bxc6 Nxc6 30. Rxc6+ Bxc6 31. exf4 Rxe5 32. fxe5 Rxf2 33. Kd1
Bxg2 34. Rxh5 Bf3 35. Bxf3 Rxf3 36. Rg5 Rxa3 37. Rxg4 Kd7 38. Re4 Ke6 39. Kc2
Ra5 40. Kb3 Rc5 41. Kc3 Rxe5 42. Rh4 Kd6 43. Rh6+ Kc5 44. Rh3 a5 45. Rg3 Re4
46. Rg5+ Kc6 47. Rg6+ Kb7 48. Rg7+ Ka6 49. Rg6 Re5 50. Rh6 Rc5 51. Rg6 Kb7 52.
Rh6 b5 53. Rh7+ Kc8 54. Rh8+ Kd7 55. Rh7+ Ke6 56. Rh6+ Kf7 57. Rh4 Kg6 58. Kb3
Kg5 59. Rd4 b4 60. Re4 Kf5 61. Rh4 Kg5 62. Re4 Kf5 63. Rh4 Ke6 64. Rh6+ Kd7 65.
Rg6 Kc7 66. Rh6 Kb7 67. Rg6 Rc6 68. Rg5 Kb6 69. Rh5 Rc5 70. Rh6+ Kc7 71. Rh7+
Kd6 72. Rh6+ Ke5 73. Rh4 Kf6 74. Rd4 Kg5 75. Re4 Rf5 76. Ka4 Kf6 77. Rd4 Ke6
78. Rd3 Rc5 79. Kb3 Ke5 80. Rh3 Kf4 81. Rh4+ Kg3 82. Rd4 Re5 83. Ka4 Kf3 84.
Rh4 Ke3 85. Kb3 Rf5 86. Rh8 Re5 87. Rd8 Ke4 88. Rh8 Kd4 89. Rd8+ Kc5 90. Rc8+
Kb6 91. Rb8+ Kc7 92. Rh8 Re3+ 93. Ka4 Ra3+ 94. Kb5 b3 95. Rh3 b2 96. Rxa3 b1=Q+
97. Kxa5 Kc6 98. Ka4 Kc5 99. Rb3 Qa2+ 0-1

[Event "Weekend A Autunno"]
[Site "Torino ITA"]
[Date "2006.11.??"]
[Round "5"]
[White "Abbura', Davide"]
[Black "Llupa, Oltjon"]
[Result "0-1"]
[WhiteElo "1676"]
[BlackElo "1966"]
[PlyCount "58"]
[EventDate "2006.10.28"]

1. e4 c5 2. Nc3 Nc6 3. d3 d6 4. g3 Nf6 5. Bg2 Bg4 6. Nge2 e6 7. O-O Qb6 8. h3
Bh5 9. Kh2 Be7 10. Rb1 O-O-O 11. Bd2 Rdg8 12. Qe1 g5 13. f4 gxf4 14. Bxf4 Bxe2
15. Nxe2 Nh5 16. Be3 Rg7 17. a3 Nxg3 18. Nxg3 Bh4 19. Bf2 Rhg8 20. Bf3 Ne5 21.
Bh1 Bxg3+ 22. Bxg3 Rxg3 23. Qxg3 Rxg3 24. Kxg3 c4 25. dxc4 Qe3+ 26. Bf3 Nxc4
27. Rfe1 Qg5+ 28. Kf2 Qf4 29. Re2 Nd2 0-1

[Event "Weekend A Autunno"]
[Site "Torino ITA"]
[Date "2006.11.??"]
[Round "5"]
[White "Bozzali, Ermanno"]
[Black "Gussone, Claudio"]
[Result "1-0"]
[WhiteElo "2099"]
[BlackElo "1970"]
[PlyCount "45"]
[EventDate "2006.10.28"]

1. e4 d6 2. d4 Nf6 3. Nc3 g6 4. h3 Bg7 5. Be3 c6 6. Nf3 O-O 7. a4 Nbd7 8. Be2
e5 9. dxe5 dxe5 10. Nd2 Qc7 11. Nc4 Rd8 12. Qd6 Qxd6 13. Nxd6 Nf8 14. O-O-O Ne6
15. Bc4 Bf8 16. Nxc8 Nd4 17. Bg5 Kg7 18. f4 h6 19. Bh4 exf4 20. e5 g5 21. exf6+
Kxf6 22. Bf2 c5 23. Nd5+ 1-0

[Event "Weekend A Autunno"]
[Site "Torino ITA"]
[Date "2006.11.??"]
[Round "5"]
[White "D'Ingiullo, Giovanni"]
[Black "Xausa, Flavio"]
[Result "0-1"]
[WhiteElo "1757"]
[BlackElo "2088"]
[PlyCount "182"]
[EventDate "2006.10.28"]

1. g3 g6 2. d4 Bg7 3. Bg2 d6 4. c3 Nf6 5. e4 O-O 6. Ne2 e5 7. dxe5 dxe5 8. O-O
c6 9. Qb3 Qc7 10. h3 Be6 11. Qc2 Nfd7 12. Be3 c5 13. Nd2 c4 14. f4 f6 15. f5
Bf7 16. Rad1 b5 17. Nf3 Nc5 18. fxg6 hxg6 19. Rd2 Nba6 20. Rfd1 Rfd8 21. Nc1
Bf8 22. a3 Be7 23. g4 Rxd2 24. Rxd2 Rd8 25. g5 Rxd2 26. Bxd2 Ne6 27. gxf6 Bxf6
28. Ne2 Nac5 29. Ne1 Qd7 30. Be3 Nd3 31. Qd2 Nec5 32. Nxd3 Nxd3 33. Nc1 Be7 34.
Bf1 Nc5 35. Qxd7 Nxd7 36. Bxa7 Bc5+ 37. Bxc5 Nxc5 38. Bg2 Na4 39. Kf2 Nxb2 40.
Ke2 Na4 41. Kd2 Nc5 42. Na2 Nd3 43. Ke3 Kf8 44. Nb4 Nf4 45. Kf3 Ke7 46. h4 Kd6
47. Bf1 Be6 48. Ke3 Bg4 49. Na6 Kc6 50. Nb4+ Kb6 51. a4 bxa4 52. Bxc4 Be6 53.
Bd5 Kc5 54. Na6+ Kb6 55. Nb4 Bd7 56. Ba2 Ng2+ 57. Kf2 Nxh4 58. Nd3 Bc6 59. Nxe5
Bxe4 60. Ke3 Bc2 61. Kd2 Be4 62. Ke3 Bf5 63. Kd4 g5 64. Nc4+ Kc7 65. Ne3 Nf3+
66. Kc5 Bd7 67. Kb4 Ne5 68. Bd5 Kd6 69. c4 Nd3+ 70. Ka3 Ke5 71. Nd1 Kd4 72. Nb2
Nxb2 73. Kxb2 g4 74. Ka3 g3 75. Kb4 Bf5 76. Bg2 Be4 77. Bh3 a3 78. Kxa3 Kxc4
79. Kb2 Kd3 80. Kc1 Ke2 81. Kb2 Kf2 82. Kc3 Bf5 83. Bxf5 g2 84. Be4 g1=Q 85.
Kd4 Ke2+ 86. Ke5 Ke3 87. Bf5 Qg5 88. Ke6 Kf4 89. Bc2 Qe5+ 90. Kd7 Qb5+ 91. Ke6
Qc4+ 0-1

[Event "Weekend A Autunno"]
[Site "Torino ITA"]
[Date "2006.11.??"]
[Round "5"]
[White "Degrassi, Sergio"]
[Black "Finocchiaro, Gianluca"]
[Result "0-1"]
[WhiteElo "1879"]
[BlackElo "1953"]
[PlyCount "44"]
[EventDate "2006.10.28"]

1. d4 d5 2. Bg5 Nf6 3. Nd2 h6 4. Bxf6 exf6 5. e3 c5 6. c3 Nc6 7. Ne2 Bd6 8. g3
O-O 9. Bg2 cxd4 10. Nxd4 Ne5 11. Qc2 Qa5 12. O-O Re8 13. b4 Qd8 14. Bxd5 Bxb4
15. Bxf7+ Nxf7 16. cxb4 Bh3 17. Rfd1 Qd5 18. N2f3 Bg4 19. Qe2 Qh5 20. Kg2 Ne5
21. Rac1 Rad8 22. Rc3 Nxf3 0-1

[Event "Weekend A Autunno"]
[Site "Torino ITA"]
[Date "2006.11.??"]
[Round "5"]
[White "Fasano, Domenico"]
[Black "Biancotti, Alessandro"]
[Result "1/2-1/2"]
[WhiteElo "1700"]
[BlackElo "1916"]
[PlyCount "25"]
[EventDate "2006.10.28"]

1. e4 c5 2. Nf3 d6 3. d4 cxd4 4. Nxd4 Nf6 5. Nc3 g6 6. Be3 Bg7 7. f3 O-O 8. Qd2
Nc6 9. Bc4 Bd7 10. O-O-O Rc8 11. Bb3 Ne5 12. h4 h5 13. Bg5 1/2-1/2

[Event "Weekend A Autunno"]
[Site "Torino ITA"]
[Date "2006.11.??"]
[Round "5"]
[White "Malano, Francesco"]
[Black "Araniti, Michelangelo"]
[Result "1/2-1/2"]
[WhiteElo "2000"]
[BlackElo "1766"]
[PlyCount "72"]
[EventDate "2006.10.28"]

1. f4 Nf6 2. Nf3 d5 3. g3 g6 4. Bg2 Bg7 5. e3 Bg4 6. d3 Nbd7 7. h3 Bxf3 8. Qxf3
e5 9. f5 c6 10. e4 dxe4 11. dxe4 Qb6 12. Nc3 O-O-O 13. g4 Ne8 14. Rb1 f6 15.
Be3 Qc7 16. Kf2 g5 17. Rhc1 Bf8 18. b4 Nb6 19. Bf1 Nd6 20. a4 Kb8 21. Kg3 Ndc4
22. a5 Nxe3 23. Qxe3 Nd7 24. Na4 h5 25. c4 c5 26. b5 Qxa5 27. Ra1 Qc7 28. Rc2
hxg4 29. hxg4 Nb6 30. Nxb6 axb6 31. Raa2 Rh4 32. Qa3 Qh7 33. Rd2 Be7 34. Rxd8+
Bxd8 35. Qd3 Qe7 36. Qe2 Kc8 1/2-1/2

[Event "Weekend A Autunno"]
[Site "Torino ITA"]
[Date "2006.11.??"]
[Round "5"]
[White "Mori, Andrea"]
[Black "Torrione, William"]
[Result "1/2-1/2"]
[WhiteElo "2034"]
[BlackElo "1890"]
[PlyCount "68"]
[EventDate "2006.10.28"]

1. d4 d5 2. Nf3 Nf6 3. c4 c6 4. Nc3 e6 5. e3 Nbd7 6. Qc2 Be7 7. Bd3 a6 8. b3 b6
9. O-O O-O 10. Bb2 Re8 11. e4 dxe4 12. Nxe4 g6 13. Rad1 Qc7 14. Qd2 Bb7 15. Qh6
Bf8 16. Qh3 Nxe4 17. Bxe4 Nf6 18. Bb1 Bg7 19. Qh4 Qd8 20. Rfe1 Nd7 21. Qf4 Qb8
22. Bc1 e5 23. dxe5 Nxe5 24. Ng5 f6 25. Ne4 f5 26. Nd6 Re7 27. h3 Qc7 28. b4 c5
29. bxc5 bxc5 30. Nxb7 Qxb7 31. Be3 Qb4 32. Bd2 Qb7 33. Be3 Qb4 34. Bd2 Qb7
1/2-1/2

[Event "Weekend A Autunno"]
[Site "Torino ITA"]
[Date "2006.11.??"]
[Round "5"]
[White "Pulito, Alberto"]
[Black "Fortino, Fabrizio"]
[Result "1/2-1/2"]
[WhiteElo "2230"]
[BlackElo "2057"]
[PlyCount "64"]
[EventDate "2006.10.28"]

1. e4 c5 2. c3 g6 3. d4 cxd4 4. cxd4 d5 5. e5 Nc6 6. Nc3 Bg7 7. Nf3 Bg4 8. Be3
Nh6 9. Qb3 Qd7 10. Be2 e6 11. O-O O-O 12. Na4 Bxf3 13. Bxf3 Nf5 14. Rfd1 b6 15.
Be2 Qe7 16. Bb5 Nd8 17. Rac1 f6 18. exf6 Qxf6 19. Qd3 Nf7 20. Qe2 N7d6 21. Nc3
Rac8 22. Ba6 Rcd8 23. b3 Qh4 24. g3 Qf6 25. Rd2 h6 26. Rcd1 g5 27. Qg4 Rd7 28.
Bd3 Rc7 29. Na4 Re8 30. Kg2 Rf8 31. Nb2 Rc3 32. Na4 Rc7 1/2-1/2

[Event "Weekend A Autunno"]
[Site "Torino ITA"]
[Date "2006.11.??"]
[Round "5"]
[White "Sorcinelli, Francesco"]
[Black "Viglino, Antonio"]
[Result "1-0"]
[WhiteElo "2108"]
[BlackElo "1785"]
[PlyCount "55"]
[EventDate "2006.10.28"]

1. e4 c5 2. Nc3 d6 3. f4 g6 4. Nf3 Bg7 5. Bc4 Nf6 6. d3 Nc6 7. O-O O-O 8. Qe1
e6 9. Bb3 Na5 10. e5 dxe5 11. fxe5 Nd7 12. Kh1 Nxb3 13. axb3 f6 14. exf6 Nxf6
15. Qh4 Nh5 16. Bg5 Bf6 17. g4 Bxg5 18. Nxg5 Nf6 19. Rxf6 Rxf6 20. Qxh7+ Kf8
21. Qh8+ Ke7 22. Qg7+ Ke8 23. Nce4 Rf8 24. Qxg6+ Ke7 25. Qg7+ Ke8 26. Nh7 Rf7
27. Nhf6+ Ke7 28. Ng8+ 1-0

[Event "Weekend A Autunno"]
[Site "Torino ITA"]
[Date "2006.11.??"]
[Round "5"]
[White "Turchetta, Gianluca"]
[Black "Martin, Tiziano"]
[Result "0-1"]
[WhiteElo "1584"]
[BlackElo "2015"]
[PlyCount "72"]
[EventDate "2006.10.28"]

1. e4 e5 2. Nf3 d6 3. d4 exd4 4. Nxd4 Nf6 5. Nc3 Be7 6. Bc4 O-O 7. O-O a6 8. a4
Nc6 9. Nd5 Nxd5 10. Bxd5 Nxd4 11. Qxd4 Bf6 12. Qd1 c6 13. Bc4 Re8 14. Re1 Be6
15. Bd3 Qc7 16. Qh5 g6 17. Qh6 Bg7 18. Qh4 Qb6 19. c3 a5 20. Re2 d5 21. e5 Bd7
22. Be3 c5 23. f4 d4 24. cxd4 cxd4 25. Bf2 Rac8 26. f5 Bxe5 27. Rxe5 Rxe5 28.
Bxd4 Qb4 29. b3 Rce8 30. Rf1 Bxf5 31. Bxf5 Rd5 32. Rd1 Red8 33. Bc2 Rxd4 34.
Qxd8+ Rxd8 35. Rxd8+ Kg7 36. Kf1 Qf4+ 0-1

[Event "Weekend A Autunno"]
[Site "Torino ITA"]
[Date "2006.11.??"]
[Round "5"]
[White "Vozza, Nicola"]
[Black "Sattanino, Andrea"]
[Result "1-0"]
[WhiteElo "1978"]
[BlackElo "1701"]
[PlyCount "58"]
[EventDate "2006.10.28"]

1. d4 d5 2. c4 e6 3. Nc3 Nf6 4. cxd5 exd5 5. Bg5 Nbd7 6. e3 Be7 7. Qc2 O-O 8.
Bd3 c6 9. Nge2 Re8 10. O-O Nf8 11. f3 Nh5 12. Bxe7 Qxe7 13. e4 dxe4 14. fxe4
Bg4 15. Rae1 Rad8 16. Kh1 Nf6 17. e5 Nd5 18. Nxd5 cxd5 19. Nc3 h6 20. h3 Qh4
21. Bf5 Bh5 22. Qd2 Bg6 23. Bxg6 Nxg6 24. Nb5 Nf8 25. Nd6 Re6 26. Nxf7 Rc8 27.
Nd6 Rc7 28. Rc1 Rxc1 29. Qxc1 Kh7 1-0

[Event "Weekend A Autunno"]
[Site "Torino ITA"]
[Date "2006.11.??"]
[Round "6"]
[White "Abbura', Davide"]
[Black "Fasano, Domenico"]
[Result "1/2-1/2"]
[WhiteElo "1676"]
[BlackElo "1700"]
[PlyCount "59"]
[EventDate "2006.10.28"]

1. e4 c5 2. Nc3 d6 3. d3 g6 4. g3 Bg7 5. Bg2 e6 6. Nge2 Ne7 7. O-O O-O 8. Be3
Nbc6 9. Qd2 Rb8 10. Bh6 b5 11. Bxg7 Kxg7 12. f4 Qc7 13. g4 f5 14. exf5 exf5 15.
g5 b4 16. Nd5 Nxd5 17. Bxd5 Ne7 18. Bg2 Bb7 19. Ng3 Rfe8 20. c4 Nc6 21. Ne2 Re7
22. b3 Na5 23. d4 Bxg2 24. Kxg2 Rbe8 25. Rae1 Qb7+ 26. d5 Kg8 27. Ng3 Qd7 28.
Kf2 Nb7 29. Rxe7 Qxe7 30. Re1 1/2-1/2

[Event "Weekend A Autunno"]
[Site "Torino ITA"]
[Date "2006.11.??"]
[Round "6"]
[White "Araniti, Michelangelo"]
[Black "Matta, Francesca"]
[Result "1/2-1/2"]
[WhiteElo "1766"]
[BlackElo "1866"]
[PlyCount "78"]
[EventDate "2006.10.28"]

1. Nf3 Nf6 2. d4 g6 3. c4 Bg7 4. e3 O-O 5. Bd3 d6 6. O-O Nbd7 7. Nc3 c6 8. b3
e5 9. Bb2 Re8 10. dxe5 Nxe5 11. Nxe5 dxe5 12. Qc2 Qc7 13. e4 Be6 14. Rad1 Rad8
15. h3 Nh5 16. Bc1 Nf4 17. Bxf4 exf4 18. Be2 Qe5 19. Rxd8 Rxd8 20. Rd1 Rxd1+
21. Nxd1 Qd4 22. Qd3 Kf8 23. Qxd4 Bxd4 24. Kf1 Ke7 25. Ke1 Kd6 26. Kd2 f5 27.
Bd3 fxe4 28. Bxe4 a5 29. Kd3 Kc5 30. h4 b5 31. cxb5 cxb5 32. h5 Bf7 33. f3 b4
34. hxg6 hxg6 35. Kc2 g5 36. Kd3 Be8 37. Kd2 Bb5 38. Bf5 Bf1 39. Bh3 Kd5
1/2-1/2

[Event "Weekend A Autunno"]
[Site "Torino ITA"]
[Date "2006.11.??"]
[Round "6"]
[White "Biancotti, Alessandro"]
[Black "D'Ingiullo, Giovanni"]
[Result "0-1"]
[WhiteElo "1916"]
[BlackElo "1757"]
[PlyCount "120"]
[EventDate "2006.10.28"]

1. e4 g6 2. d4 Bg7 3. Be3 d6 4. Nc3 Nd7 5. f4 a6 6. Nf3 Ngf6 7. Be2 O-O 8. O-O
b5 9. a3 Bb7 10. e5 Ng4 11. Bd2 c5 12. dxc5 Nxc5 13. h3 Nh6 14. Be3 Nf5 15. Bf2
Rc8 16. g4 Nh6 17. exd6 exd6 18. Qd2 Ne4 19. Nxe4 Bxe4 20. c3 Qc7 21. Be3 f5
22. g5 Nf7 23. Nd4 Rfe8 24. Rad1 d5 25. h4 Nd6 26. Rde1 Nc4 27. Bxc4 dxc4 28.
Nf3 Rcd8 29. Bd4 Qc6 30. Qf2 Bxf3 31. Rxe8+ Rxe8 32. Bxg7 Kxg7 33. Qxf3 Qxf3
34. Rxf3 Kf7 35. Kf2 Re4 36. Kg3 Ke6 37. Rf2 Re3+ 38. Kg2 Kd5 39. Rd2+ Rd3 40.
Re2 Kd6 41. Kh2 Rf3 42. Rd2+ Kc6 43. Re2 Rxf4 44. Kg3 Rg4+ 45. Kh3 Re4 46. Rd2
Re3+ 47. Kg2 Kc5 48. Rd7 Re2+ 49. Kf3 Rxb2 50. Rxh7 Rb3 51. Rg7 Rxc3+ 52. Kf4
Rh3 53. Rxg6 Rxh4+ 54. Kxf5 c3 55. Rxa6 c2 56. Ra8 Rc4 57. g6 c1=Q 58. Rc8+ Kd6
59. Rxc4 Qxc4 60. g7 Qg8 0-1

[Event "Weekend A Autunno"]
[Site "Torino ITA"]
[Date "2006.11.??"]
[Round "6"]
[White "Damia, Angelo"]
[Black "Viglino, Antonio"]
[Result "1-0"]
[WhiteElo "2099"]
[BlackElo "1785"]
[PlyCount "49"]
[EventDate "2006.10.28"]

1. e4 c5 2. a3 d5 3. exd5 Nf6 4. c4 e6 5. dxe6 Bxe6 6. Nf3 Nc6 7. Be2 Bd6 8. b4
cxb4 9. d4 Bd7 10. c5 Bc7 11. d5 Ne5 12. axb4 Nxf3+ 13. Bxf3 Be5 14. Ra3 Bb5
15. Re3 Qe7 16. Na3 a6 17. Nxb5 axb5 18. O-O O-O-O 19. Rfe1 Nd7 20. Bg4 f5 21.
Bxf5 Bxh2+ 22. Kxh2 Qh4+ 23. Bh3 Kb8 24. Re4 Qf6 25. Bf4+ 1-0

[Event "Weekend A Autunno"]
[Site "Torino ITA"]
[Date "2006.11.??"]
[Round "6"]
[White "Finocchiaro, Gianluca"]
[Black "Turchetta, Gianluca"]
[Result "0-1"]
[WhiteElo "1953"]
[BlackElo "1584"]
[PlyCount "48"]
[EventDate "2006.10.28"]

1. e4 e6 2. d4 d5 3. exd5 exd5 4. c4 Bb4+ 5. Nc3 Nf6 6. Bd3 O-O 7. Nge2 Be6 8.
Nf4 Nc6 9. Nxe6 fxe6 10. O-O dxc4 11. Bxc4 Nxd4 12. Be3 c5 13. a3 Ba5 14. Bxd4
cxd4 15. Nb5 Bb6 16. Bxe6+ Kh8 17. a4 Ne4 18. a5 Bc5 19. Qh5 Qf6 20. Bd5 Nd2
21. Bxb7 Nxf1 22. Rxf1 Rae8 23. g3 Re1 24. Rxe1 Qxf2+ 0-1

[Event "Weekend A Autunno"]
[Site "Torino ITA"]
[Date "2006.11.??"]
[Round "6"]
[White "Fortino, Fabrizio"]
[Black "Bozzali, Ermanno"]
[Result "1-0"]
[WhiteElo "2057"]
[BlackElo "2099"]
[PlyCount "37"]
[EventDate "2006.10.28"]

1. e4 c5 2. c3 Nf6 3. e5 Nd5 4. d4 cxd4 5. Nf3 e6 6. cxd4 b6 7. Bd3 Ba6 8. Bxa6
Nxa6 9. Qe2 Qc7 10. O-O Nab4 11. a3 Qc2 12. Qxc2 Nxc2 13. Ra2 Rc8 14. Bd2 b5
15. b3 b4 16. Rc1 bxa3 17. Raxc2 Rxc2 18. Rxc2 Bb4 19. Nxa3 1-0

[Event "Weekend A Autunno"]
[Site "Torino ITA"]
[Date "2006.11.??"]
[Round "6"]
[White "Gussone, Claudio"]
[Black "Degrassi, Sergio"]
[Result "1/2-1/2"]
[WhiteElo "1970"]
[BlackElo "1879"]
[PlyCount "108"]
[EventDate "2006.10.28"]

1. d4 d5 2. Nf3 Nf6 3. g3 e6 4. Bg2 Nbd7 5. O-O c5 6. c4 Be7 7. Nc3 O-O 8. cxd5
Nxd5 9. Nxd5 exd5 10. dxc5 Nxc5 11. Bf4 Be6 12. Qd4 Ne4 13. Rfd1 Bc5 14. Qxe4
dxe4 15. Rxd8 Raxd8 16. Ng5 Bf5 17. Nxe4 Bxe4 18. Bxe4 Rfe8 19. Bf3 b6 20. Rc1
h6 21. h4 Re7 22. Kg2 f5 23. Rc2 Kf7 24. h5 g5 25. hxg6+ Kxg6 26. Rc1 Red7 27.
Rh1 Bf8 28. e4 fxe4 29. Bxe4+ Kf6 30. Rh5 Bg7 31. g4 Kf7 32. g5 hxg5 33. Bxg5
Bf6 34. Rh7+ Ke6 35. Rh6 Rg7 36. f4 Rf8 37. Kf3 Ke7 38. Bxf6+ Rxf6 39. Rxf6
Kxf6 40. Bd5 Rc7 41. a4 Rc5 42. Bg8 a5 43. Ke3 Kf5 44. Bh7+ Kg4 45. Bg8 Rc1 46.
Be6+ Kh5 47. f5 Kg5 48. Kd4 Kf6 49. b3 Rc5 50. Kd3 Ke5 51. Kd2 Rc6 52. Kd3 Rd6+
53. Kc4 Rd4+ 54. Kb5 Rd6 1/2-1/2

[Event "Weekend A Autunno"]
[Site "Torino ITA"]
[Date "2006.11.??"]
[Round "6"]
[White "Llupa, Oltjon"]
[Black "Malano, Francesco"]
[Result "0-1"]
[WhiteElo "1966"]
[BlackElo "2000"]
[PlyCount "44"]
[EventDate "2006.10.28"]

1. d4 d5 2. c4 e6 3. Nf3 c6 4. Nc3 dxc4 5. a4 Bb4 6. e3 b5 7. Ne5 Nf6 8. Bd2
O-O 9. axb5 Bxc3 10. Bxc3 cxb5 11. b3 cxb3 12. Bxb5 Qd5 13. Be2 Bb7 14. Bf3 Qb5
15. Ra5 Qb6 16. Nc4 Qc7 17. Rc5 Qe7 18. Qxb3 Bxf3 19. gxf3 Nbd7 20. Rb5 Rfb8
21. Ke2 Nd5 22. Rb1 Rxb5 0-1

[Event "Weekend A Autunno"]
[Site "Torino ITA"]
[Date "2006.11.??"]
[Round "6"]
[White "Martin, Tiziano"]
[Black "Pulito, Alberto"]
[Result "0-1"]
[WhiteElo "2015"]
[BlackElo "2230"]
[PlyCount "84"]
[EventDate "2006.10.28"]

1. e4 d5 2. exd5 Nf6 3. Nc3 Nxd5 4. Bc4 e6 5. d3 Be7 6. Nf3 O-O 7. O-O c5 8.
Bd2 Nc6 9. a3 b6 10. Re1 Bb7 11. Qe2 Bf6 12. Rab1 Nxc3 13. bxc3 h6 14. Rbd1 Qc7
15. Bb5 Rfd8 16. Bxc6 Qxc6 17. Qe4 Qxe4 18. dxe4 Rd7 19. e5 Be7 20. Bc1 Rad8
21. Rxd7 Rxd7 22. Nd2 Bg5 23. Nc4 Bxc1 24. Rxc1 Rd5 25. f4 Kf8 26. Ne3 Rd2 27.
Rd1 Re2 28. Rd7 Bc6 29. Rc7 Be4 30. Nc4 Rxg2+ 31. Kf1 Rxc2 32. Nd6 Bg6 33. Rc8+
Ke7 34. Rc7+ Kd8 35. Rxa7 Rxc3 36. a4 Rf3+ 37. Kg2 Rxf4 38. Kg3 Rb4 39. a5 bxa5
40. Rxa5 c4 41. Rc5 Rb3+ 42. Kf4 c3 0-1